000 00353nam a22001577a 4500
003 SGT
020 _a978-1-032-59563-4
082 _a615
_bLAP
100 _aLAPHAM, ROBERT
245 _aDRUG CALCULATIONS FOR NURSES
250 _a5TH
260 _aINDIA
_bROUTLEDGE PUB.
_c2024
300 _a401
650 _aDRUG CALCULATIONS
942 _2ddc
_cBK
999 _c32952
_d32952